Ember Győző: Levéltári terminológiai lexikon

Podrobná bibliografia
Hlavní autori: Kušík, Michal, 1915-2000 (Autor), Győző, Ember, 1909-1993 (Autor)
Médium: Článok
Jazyk:slovenčina
Predmet:

MARC

LEADER 00000nab a2200000 a 4500
001 vtls000147497
003 SK-MaSNL
005 20260304060322.0
008 250422c1982 xo 0 slo
015 |a SNBRB19rr/mm-uuuuu 
035 |a CL0157604 
035 |a urn:nbn:sk:snk-ab7ggi 
035 |a (urnnbn)urn:nbn:sk:snk:ar-005qvb 
035 |a (uuid)1ad56ec7-053b-4597-8400-e171558c4ce6 
040 |a SNKBUCL  |b slo  |c SNKBUCL  |e AACR2 
041 0 |a slo 
044 |a xo  |c SK 
080 |a 930.25  |2 1981 
080 |a 001.4  |2 1981 
080 |a 016  |2 1981 
100 1 |a Kušík, Michal,  |d 1915-2000  |4 aut  |9 161028 
245 1 0 |a Ember Győző: Levéltári terminológiai lexikon  |c Michal Kušík ; Ember Győző 
650 0 7 |a archívnictvo  |2 snkbucl  |9 4219 
650 0 7 |a archívna terminológia  |2 snkbucl  |9 75948 
650 0 7 |a bibliografie odborné  |2 snkbucl  |9 1011006 
655 7 |a články z novín a časopisov  |2 snkbucl  |9 267496 
700 1 |a Győző, Ember,  |d 1909-1993  |4 aut  |9 7538 
773 0 |t Slovenská archivistika  |g Roč. 17, č. 2 (1982), s. 154-159 
787 0 8 |i Rec.:  |a Győző, Ember  |t Levéltári terminológiai lexikon  |d Budapest : Akadémiai Kiadó, 1982 
850 |a Slovenská národná knižnica 
852 |a Slovenská národná knižnica 
954 |a odborná, vedecká literatúra pôvodná (slovenská)  |2 lita 
958 |a article7 
958 |a RK 
958 |a HU 
958 |a OND 
958 |a EUIPO 
992 |a RBX 
999 |c 2728186  |d 2730116